000 00851nab a2200277 4500
003 BR-BrBNA
005 20250710164302.0
008 250710b bl.||||| |||| 00| 0 por d
040 _aBR-BrBNA
_bpor
072 _aE71 ; E16 ; E70
_b9410
100 _aRibeiro, Juliana
245 _aA guerra do leite no Mercosul
_bAgroeconomia
500 _a2 illus.
650 _aLEITE
650 _aMERCOSUL
650 _aACORDO COMERCIAL
650 _aURUGUAI
650 _aBRASIL
650 _aIMPORTAÇÃO
650 _aCUSTO DE PRODUÇÃO
650 _aPREÇO AO PRODUTOR
650 _aPREJUÍZO
773 0 _01706
_9347918
_dSão Paulo-SP Editora Três Ltda - E-mail: luizfsa@revistadinheiro.com.br 2004
_o2025-0417
_tDinheiro Rural (Brazil)
_x1807-3700
_gv. 6(70) p. 36; (Aug 2010)
_wBR2025003770
942 _cANA
999 _c332770
_d332770